[Event "Bodenmais Arber op 10th"]
[Site "Bodenmais"]
[Date "2023.08.05"]
[Round "1"]
[White "Voermans, Adri"]
[Black "Pierecker, Markus"]
[Result "0-1"]
[WhiteElo "1756"]
[BlackElo "2230"]
[PlyCount "54"]
[EventDate "2023.08.05"]
[EventType "swiss"]
[EventRounds "9"]
[EventCountry "GER"]
[SourceTitle "EXT 2024"]
[Source "ChessBase"]
[SourceDate "2023.10.10"]
[SourceVersion "1"]
[SourceVersionDate "2023.10.10"]
[SourceQuality "1"]

1. d4 g6 2. c4 Bg7 3. Nc3 d6 4. e4 Nc6 5. Be3 e5 6. d5 Nd4 7. Nge2 c5 8. dxc6 bxc6 9. Nxd4 exd4 10. Bxd4 Nf6 11. f3 0-0 12. Be2 Rb8 13. Qc2 d5 14. cxd5 cxd5 15. e5 Nh5 16. Qd2 Qh4+ 17. Bf2 Qb4 18. 0-0 Bxe5 19. Bxa7 Qh4 20. h3 Qg3 21. f4 Nxf4 22. Rf2 d4 23. Ne4 Nxh3+ 24. Kf1 Qh2 25. Ke1 Nxf2 26. Nxf2 Qg1+ 27. Bf1 Ba6 0-1

[Event "Chigorin Memorial 26th"]
[Site "St Petersburg"]
[Date "2018.11.02"]
[Round "7"]
[White "Pierecker, Markus"]
[Black "Makarian, Rudik"]
[Result "0-1"]
[WhiteElo "2180"]
[BlackElo "2366"]
[PlyCount "116"]
[EventDate "2018.10.27"]
[EventType "swiss"]
[EventRounds "9"]
[EventCountry "RUS"]
[SourceTitle "CBM 187 Extra"]
[Source "ChessBase"]
[SourceDate "2018.11.04"]
[SourceVersion "1"]
[SourceVersionDate "2018.11.04"]
[SourceQuality "1"]

1. d4 Nf6 2. c4 e6 3. Nf3 d5 4. Nc3 Be7 5. Bg5 0-0 6. e3 Nbd7 7. Be2 c6 8. 0-0 dxc4 9. a4 a5 10. Bxc4 Nb6 11. Bd3 Nbd5 12. Rc1 Nd7 13. Bxe7 Qxe7 14. Qd2 Nb4 15. Bc4 e5 16. dxe5 Nxe5 17. Nxe5 Qxe5 18. f4 Qf5 19. Kh1 Be6 20. e4 Qf6 21. Bxe6 fxe6 22. e5 Qf5 23. Rcd1 Nd5 24. Nxd5 cxd5 25. Rf3 Rac8 26. Qxa5 Rc2 27. Qb6 Rfc8 28. Rg1 h6 29. Qxb7 R8c7 30. Qb5 R7c5 31. Qe8+ Kh7 32. h3 d4 33. Qe7 Qg6 34. Kh2 Rc7 35. Qd6 Qe4 36. Rgf1 Rb7 37. b4 Rf7 38. R1f2 d3 39. Kg3 Qg6+ 40. Kh2 Qe4 41. Kg3 g5 42. Qxe6 gxf4+ 43. Kh2 Rg7 44. Qd6 Qxf3 45. gxf3 Rxf2+ 46. Kh1 Rf1+ 47. Kh2 Rf2+ 48. Kh1 Rxf3 49. Kh2 Rf2+ 50. Kh1 Rf1+ 51. Kh2 Rf2+ 52. Kh1 Rf3 53. Kh2 Rfg3 54. h4 R7g4 55. Qd7+ Kg6 56. h5+ Kg5 57. Qe7+ Kf5 58. Qf7+ Ke4 0-1

[Event "Chigorin Memorial 26th"]
[Site "St Petersburg"]
[Date "2018.11.01"]
[Round "6"]
[White "Smirnov, Artem"]
[Black "Pierecker, Markus"]
[Result "1/2-1/2"]
[WhiteElo "2405"]
[BlackElo "2180"]
[PlyCount "56"]
[EventDate "2018.10.27"]
[EventType "swiss"]
[EventRounds "9"]
[EventCountry "RUS"]
[SourceTitle "CBM 187 Extra"]
[Source "ChessBase"]
[SourceDate "2018.11.04"]
[SourceVersion "1"]
[SourceVersionDate "2018.11.04"]
[SourceQuality "1"]

1. d4 Nf6 2. c4 e6 3. Nc3 Bb4 4. e3 b6 5. Nf3 Bb7 6. Bd3 0-0 7. 0-0 d5 8. cxd5 exd5 9. Ne5 Nbd7 10. f4 Ne4 11. Nxe4 dxe4 12. Bc4 Qe7 13. a3 Bd6 14. b4 c6 15. Bb2 b5 16. Nxd7 Qxd7 17. Bb3 Qe7 18. Qg4 Kh8 19. f5 f6 20. Be6 Bc8 21. Rac1 Bxe6 22. fxe6 f5 23. Rxf5 Rxf5 24. Qxf5 Rf8 25. Qxe4 Qf6 26. Qf3 Qh6 27. Qh3 Qf6 28. Qf3 Qh6 1/2-1/2

[Event "AUT-chT2M 1718"]
[Site "Austria"]
[Date "2018.02.09"]
[Round "7.4"]
[White "Dietmayer Kraeutler, Marco"]
[Black "Pierecker, Markus"]
[Result "1/2-1/2"]
[WhiteElo "2326"]
[BlackElo "2197"]
[PlyCount "63"]
[EventDate "2017.10.27"]
[EventType "team-tourn"]
[EventRounds "11"]
[EventCountry "AUT"]
[SourceTitle "EXT 2019"]
[Source "ChessBase"]
[SourceDate "2018.10.10"]
[SourceVersion "1"]
[SourceVersionDate "2018.10.10"]
[SourceQuality "1"]
[WhiteTeam "Leoben"]
[BlackTeam "Steyregg"]
[WhiteTeamCountry "AUT"]
[BlackTeamCountry "AUT"]

1. d4 d5 2. c4 c6 3. Nf3 Nf6 4. Nc3 e6 5. Bg5 dxc4 6. e4 b5 7. e5 h6 8. Bh4 g5 9. Nxg5 hxg5 10. Bxg5 Nbd7 11. g3 Qb6 12. exf6 c5 13. d5 Bb7 14. Bg2 0-0-0 15. 0-0 b4 16. Na4 Qb5 17. dxe6 Bxg2 18. e7 Bxf1 19. Qd6 Bh6 20. exd8Q+ Kxd8 21. Rxf1 Qxa4 22. Rd1 Kc8 23. b3 cxb3 24. axb3 Qb5 25. Bxh6 Rxh6 26. Qe7 Rxf6 27. Rxd7 Qxd7 28. Qxf6 Qd1+ 29. Kg2 Qxb3 30. Qc6+ Kb8 31. Qb5+ Kc7 32. Qxc5+ 1/2-1/2

[Event "AUT-chT2M 1718"]
[Site "Austria"]
[Date "2017.11.24"]
[Round "4.4"]
[White "Moser, Guenter"]
[Black "Pierecker, Markus"]
[Result "1/2-1/2"]
[WhiteElo "2314"]
[BlackElo "2186"]
[PlyCount "64"]
[EventDate "2017.10.27"]
[EventType "team-tourn"]
[EventRounds "11"]
[EventCountry "AUT"]
[SourceTitle "CBM 181 Extra"]
[Source "ChessBase"]
[SourceDate "2017.12.12"]
[SourceVersion "1"]
[SourceVersionDate "2017.12.12"]
[SourceQuality "1"]
[WhiteTeam "Ansfelden"]
[BlackTeam "Steyregg"]
[WhiteTeamCountry "AUT"]
[BlackTeamCountry "AUT"]

1. d4 d5 2. Nf3 Nf6 3. g3 Bg4 4. Bg2 e6 5. 0-0 c6 6. b3 Nbd7 7. Bb2 Be7 8. Nbd2 0-0 9. Ne5 Nxe5 10. dxe5 Nd7 11. h3 Bh5 12. g4 Bg6 13. f4 f6 14. exf6 Bxf6 15. c3 Nc5 16. b4 Qb6 17. Kh1 Rad8 18. g5 Be7 19. Bc1 Ne4 20. Nxe4 dxe4 21. Qe1 Qb5 22. Be3 e5 23. a4 Qd5 24. Qg3 Bd6 25. f5 Rxf5 26. Rxf5 Bxf5 27. Bxa7 Qb3 28. Qe3 Bc7 29. a5 g6 30. Rf1 Qc4 31. Bc5 Rd5 32. Re1 Bxa5 1/2-1/2

[Event "Vaujany op-A 8th"]
[Site "Vaujany"]
[Date "2017.07.20"]
[Round "8.12"]
[White "Pierecker, Markus"]
[Black "Ratsma, Midas"]
[Result "0-1"]
[WhiteElo "2179"]
[BlackElo "2209"]
[PlyCount "36"]
[EventDate "2017.07.13"]
[EventType "swiss"]
[EventRounds "9"]
[EventCountry "FRA"]
[SourceTitle "EXT 2020"]
[Source "ChessBase"]
[SourceDate "2019.10.17"]
[SourceVersion "1"]
[SourceVersionDate "2019.10.17"]
[SourceQuality "1"]

1. e4 c5 2. Nf3 Nc6 3. d4 cxd4 4. Nxd4 Nf6 5. Nc3 e5 6. Ndb5 d6 7. Nd5 Nxd5 8. exd5 Nb8 9. c4 Nd7 10. Be2 Be7 11. 0-0 0-0 12. Kh1 f5 13. f4 a6 14. Nc3 Qc7 15. b4 b5 16. Qb3 bxc4 17. Bxc4 Bb7 18. Be3 Rac8 0-1

[Event "AUT-chT2M 1516"]
[Site "Austria"]
[Date "2016.04.17"]
[Round "11.3"]
[White "Mostbauer, Florian"]
[Black "Pierecker, Markus"]
[Result "1/2-1/2"]
[WhiteElo "2211"]
[BlackElo "2173"]
[PlyCount "72"]
[EventDate "2015.10.02"]
[EventType "team-tourn"]
[EventRounds "11"]
[EventCountry "AUT"]
[SourceTitle "EXT 2017"]
[Source "ChessBase"]
[SourceDate "2016.10.25"]
[SourceVersion "1"]
[SourceVersionDate "2016.10.25"]
[SourceQuality "1"]
[WhiteTeam "Ansfelden"]
[BlackTeam "Steyregg"]
[WhiteTeamCountry "AUT"]
[BlackTeamCountry "AUT"]

1. c4 g6 2. g3 Bg7 3. Bg2 Nf6 4. Nc3 0-0 5. e3 e6 6. d4 d5 7. Nge2 c6 8. b3 b6 9. 0-0 Bb7 10. Bb2 Nbd7 11. Rc1 Rc8 12. Rc2 Qe7 13. Qc1 Rfd8 14. Rd1 Ba6 15. Na4 dxc4 16. Ba3 c5 17. bxc4 Qe8 18. dxc5 Nxc5 19. Rxd8 Qxd8 20. Nxc5 bxc5 21. Nc3 Bxc4 22. Ne4 Bd3 23. Nxf6+ Bxf6 24. Rxc5 Rb8 25. Bf1 Bxf1 26. Kxf1 Be7 27. Rc3 Bxa3 28. Rxa3 Rc8 29. Rc3 Rxc3 30. Qxc3 Qd1+ 31. Qe1 Qd5 32. Qb4 Qxa2 33. Qb8+ Kg7 34. Qe5+ Kg8 35. Qb8+ Kg7 36. Qe5+ Kg8 1/2-1/2

[Event "Landesliga Sued 1516"]
[Site "Bayern"]
[Date "2016.03.13"]
[Round "8.5"]
[White "Pierecker, Markus"]
[Black "Parashchenko, Oleg"]
[Result "1-0"]
[WhiteElo "2188"]
[BlackElo "2066"]
[PlyCount "81"]
[EventDate "2015.10.11"]
[EventType "team-tourn"]
[EventRounds "9"]
[EventCountry "GER"]
[SourceTitle "EXT 2018"]
[Source "ChessBase"]
[SourceDate "2017.10.13"]
[SourceVersion "1"]
[SourceVersionDate "2017.10.13"]
[SourceQuality "1"]
[WhiteTeam "Weilheim"]
[BlackTeam "Freising"]
[WhiteTeamCountry "GER"]
[BlackTeamCountry "GER"]

1. e4 e5 2. Nf3 Nc6 3. d4 exd4 4. Nxd4 Bc5 5. Nb3 Bb4+ 6. Nc3 Nf6 7. Bd3 0-0 8. 0-0 Bxc3 9. bxc3 d5 10. exd5 Qxd5 11. c4 Qd6 12. Bb2 Ng4 13. f4 Qh6 14. h3 Ne3 15. Qf3 Nxf1 16. Rxf1 Re8 17. Nc5 Rb8 18. Ne4 Nb4 19. Be5 Nxd3 20. Bxc7 Ra8 21. cxd3 Qc6 22. Be5 f6 23. Bc3 Bf5 24. Ng3 Bd7 25. Ne4 Rad8 26. Qg3 Kh8 27. Qh4 Rf8 28. f5 Qb6+ 29. c5 Qa6 30. Rf3 Bb5 31. Rg3 Bxd3 32. Rxg7 Kxg7 33. Qg5+ Kf7 34. Bxf6 Rd7 35. Nd6+ Qxd6 36. cxd6 Rg8 37. Qh4 Bxf5 38. Be7 Rg6 39. Qf4 Ke6 40. g4 Bb1 41. Qc4+ 1-0

[Event "AUT-chT2M 1516"]
[Site "Austria"]
[Date "2016.02.27"]
[Round "7.6"]
[White "Krockenberger, Martin"]
[Black "Pierecker, Markus"]
[Result "1-0"]
[WhiteElo "2155"]
[BlackElo "2173"]
[PlyCount "41"]
[EventDate "2015.10.02"]
[EventType "team-tourn"]
[EventRounds "11"]
[EventCountry "AUT"]
[SourceTitle "EXT 2017"]
[Source "ChessBase"]
[SourceDate "2016.10.25"]
[SourceVersion "1"]
[SourceVersionDate "2016.10.25"]
[SourceQuality "1"]
[WhiteTeam "Graz Schachfreunde"]
[BlackTeam "Steyregg"]
[WhiteTeamCountry "AUT"]
[BlackTeamCountry "AUT"]

1. d4 Nf6 2. c4 e6 3. Nc3 d5 4. Bg5 Nbd7 5. e3 c6 6. Nf3 Qa5 7. cxd5 exd5 8. Bd3 Be7 9. 0-0 0-0 10. Ne5 Re8 11. f4 Nf8 12. f5 h6 13. Bf4 N8h7 14. h4 Nd7 15. Qh5 Rf8 16. Nxd7 Bxd7 17. Bxh6 gxh6 18. f6 Nxf6 19. Rxf6 Bxf6 20. Qxh6 Bg7 21. Qh7# 1-0

[Event "AUT-chT2M 1516"]
[Site "Austria"]
[Date "2016.02.26"]
[Round "6.3"]
[White "Pierecker, Markus"]
[Black "Tomazini, Aljosa"]
[Result "1-0"]
[WhiteElo "2173"]
[BlackElo "2338"]
[PlyCount "139"]
[EventDate "2015.10.02"]
[EventType "team-tourn"]
[EventRounds "11"]
[EventCountry "AUT"]
[SourceTitle "EXT 2017"]
[Source "ChessBase"]
[SourceDate "2016.10.25"]
[SourceVersion "1"]
[SourceVersionDate "2016.10.25"]
[SourceQuality "1"]
[WhiteTeam "Steyregg"]
[BlackTeam "Maria Saal II"]
[WhiteTeamCountry "AUT"]
[BlackTeamCountry "AUT"]

1. e4 e5 2. Nf3 Nc6 3. d4 exd4 4. Nxd4 Nf6 5. Nxc6 bxc6 6. e5 Qe7 7. Qe2 Nd5 8. c4 Nb6 9. Nd2 Bb7 10. b3 g6 11. Bb2 Bg7 12. 0-0-0 0-0-0 13. f4 Rhe8 14. g3 d6 15. Bh3+ Kb8 16. Rhe1 dxe5 17. fxe5 Qg5 18. Kc2 Qh6 19. Bg4 f5 20. Bf3 Nd7 21. Nf1 Qg5 22. e6 Bxb2 23. e7 Rc8 24. Kxb2 Qf6+ 25. Kc2 Nb6 26. Qe5 Qxe5 27. Rxe5 c5 28. Bxb7 Kxb7 29. a4 a5 30. Nd2 Nd7 31. Re6 Nb8 32. Nf3 Nc6 33. Rd7 Rb8 34. Kc3 Kc8 35. Rd5 Rxe7 36. Ng5 Rb6 37. Rxe7 Nxe7 38. Rxc5 h6 39. Nf7 Rf6 40. Ne5 f4 41. gxf4 Rxf4 42. Rxa5 Rh4 43. Ra8+ Kb7 44. Re8 Nc6 45. Nxc6 Kxc6 46. Re6+ Kb7 47. Rxg6 c5 48. Rg2 Kb6 49. Kb2 Rh3 50. Ka3 Ka6 51. Rf2 Kb6 52. Rf6+ Kb7 53. Rf5 Kc6 54. a5 Rxh2 55. Rf6+ Kb7 56. Ka4 Rh3 57. a6+ Ka7 58. Rc6 h5 59. Rxc5 Kxa6 60. Rc6+ Ka7 61. Rh6 h4 62. c5 Re3 63. b4 h3 64. Kb5 Rb3 65. Rh7+ Ka8 66. c6 Kb8 67. Kc5 Rg3 68. Kb6 Rg8 69. Rb7+ Kc8 70. Ra7 1-0

[Event "Graz op-A"]
[Site "Graz"]
[Date "2015.02.16"]
[Round "5"]
[White "Benkovic, Petar"]
[Black "Pierecker, Markus"]
[Result "1-0"]
[WhiteElo "2401"]
[BlackElo "2156"]
[PlyCount "79"]
[EventDate "2015.02.13"]
[EventType "swiss"]
[EventRounds "9"]
[EventCountry "AUT"]
[SourceTitle "CBM 164 Extra"]
[Source "ChessBase"]
[SourceDate "2015.03.02"]
[SourceVersion "1"]
[SourceVersionDate "2015.03.02"]
[SourceQuality "1"]

1. Nf3 Nf6 2. c4 e6 3. g3 d5 4. d4 c5 5. cxd5 exd5 6. Bg2 Nc6 7. 0-0 Be7 8. dxc5 Bxc5 9. Qc2 Be7 10. Rd1 0-0 11. Nc3 Qa5 12. a3 Bg4 13. Be3 Rac8 14. Qa4 Qxa4 15. Nxa4 Rfd8 16. b4 b6 17. h3 Bf5 18. Rac1 Be4 19. Nb2 Nd7 20. Nd4 Nxd4 21. Bxd4 Bf6 22. Bxf6 Nxf6 23. Bxe4 dxe4 24. Rxd8+ Rxd8 25. Rc7 a5 26. bxa5 bxa5 27. Ra7 Kf8 28. Nc4 Rd4 29. Nxa5 Rd1+ 30. Kg2 Rd2 31. Kf1 Rd1+ 32. Kg2 Rd2 33. Ra8+ Ke7 34. Nc6+ Ke6 35. a4 Nd5 36. Rd8 Kf6 37. h4 g6 38. a5 Rc2 39. Rd6+ Kg7 40. a6 1-0

[Event "Bayern-chI Bank Hofmann 18th"]
[Site "Bad Wiessee"]
[Date "2014.10.26"]
[Round "3"]
[White "Manolache, Marius"]
[Black "Pierecker, Markus"]
[Result "1/2-1/2"]
[WhiteElo "2504"]
[BlackElo "2160"]
[PlyCount "79"]
[EventDate "2014.10.25"]
[EventType "swiss"]
[EventRounds "9"]
[EventCountry "GER"]
[SourceTitle "EXT 2015"]
[Source "ChessBase"]
[SourceDate "2014.11.20"]
[SourceVersion "1"]
[SourceVersionDate "2014.11.20"]
[SourceQuality "1"]

1. d4 Nf6 2. c4 e6 3. Nc3 c5 4. d5 exd5 5. cxd5 d6 6. e4 g6 7. f4 Bg7 8. Bb5+ Nfd7 9. Nf3 0-0 10. 0-0 Na6 11. Kh1 Nc7 12. Bd3 Rb8 13. a4 a6 14. Qe2 Nf6 15. f5 b5 16. axb5 axb5 17. e5 dxe5 18. Nxe5 Bb7 19. fxg6 fxg6 20. Nxb5 Nxb5 21. Bxb5 Bxd5 22. Bg5 Qd6 23. Ra6 Rb6 24. Rxb6 Qxb6 25. Rd1 Bb3 26. Bxf6 Qxf6 27. Nd7 Qf7 28. Re1 Rc8 29. Nb6 Rb8 30. Nd7 Rc8 31. Nb6 Rb8 32. Nc4 Qd5 33. Na5 Kh8 34. Rc1 Qe5 35. Qxe5 Bxe5 36. Rxc5 Bd4 37. Rg5 Bf6 38. Rc5 Bd4 39. Rg5 Bf6 40. Rc5 1/2-1/2

[Event "Landesliga Sued 1314"]
[Site "Bayern"]
[Date "2014.01.19"]
[Round "5.3"]
[White "Pierecker, Markus"]
[Black "Bensch, Patrick"]
[Result "1/2-1/2"]
[WhiteElo "2160"]
[BlackElo "2197"]
[PlyCount "137"]
[EventDate "2013.10.13"]
[EventType "team-tourn"]
[EventRounds "9"]
[EventCountry "GER"]
[SourceTitle "EXT 2015"]
[Source "ChessBase"]
[SourceDate "2014.11.20"]
[SourceVersion "1"]
[SourceVersionDate "2014.11.20"]
[SourceQuality "1"]
[WhiteTeam "Weilheim"]
[BlackTeam "Rottal"]
[WhiteTeamCountry "GER"]
[BlackTeamCountry "GER"]

1. d4 Nf6 2. c4 g6 3. Nc3 Bg7 4. e4 d6 5. Nf3 0-0 6. Be2 e5 7. 0-0 Nc6 8. d5 Ne7 9. b4 Nh5 10. Re1 f5 11. Ng5 Nf6 12. Bf3 Kh8 13. a4 Neg8 14. c5 Bh6 15. Ne6 Bxe6 16. dxe6 Bxc1 17. Rxc1 fxe4 18. Nxe4 Nxe4 19. Bxe4 Qf6 20. cxd6 cxd6 21. Qxd6 Rad8 22. Qc5 b6 23. Qe3 Qxe6 24. Bc6 Ne7 25. b5 Nxc6 26. Rxc6 Qf5 27. f3 Rfe8 28. Rc7 Rd7 29. Qc3 Rde7 30. Re4 Kg8 31. h3 Qf7 32. Rc6 Qd5 33. Qb4 Qd1+ 34. Kh2 Qd5 35. Rd6 Qf7 36. a5 bxa5 37. Qxa5 Qb3 38. Ra6 Rb8 39. Rxa7 Rxa7 40. Qxa7 Qxb5 41. Qe7 Re8 42. Qf6 Qd5 43. h4 Rf8 44. Qxe5 Qxe5+ 45. Rxe5 Rf7 46. h5 Kg7 47. Kg3 Ra7 48. Kg4 Rb7 49. Ra5 Rc7 50. f4 Rb7 51. Kg5 Rc7 52. g4 Rb7 53. h6+ Kf7 54. Ra8 Rb5+ 55. f5 gxf5 56. gxf5 Rb1 57. Ra7+ Kg8 58. Kf6 Rb6+ 59. Ke7 Rb8 60. Rd7 Rf8 61. Ke6 Ra8 62. f6 Re8+ 63. Kd6 Rf8 64. Ke5 Rf7 65. Rd6 Rf8 66. Kf5 Ra8 67. Ke6 Re8+ 68. Kd7 Kf7 69. Rd1 1/2-1/2

[Event "Donau op 22nd"]
[Site "Aschach"]
[Date "2013.12.30"]
[Round "6"]
[White "Pierecker, Markus"]
[Black "Wallner, Joachim"]
[Result "0-1"]
[WhiteElo "2178"]
[BlackElo "2368"]
[PlyCount "40"]
[EventDate "2013.12.26"]
[EventType "swiss"]
[EventRounds "7"]
[EventCountry "AUT"]
[SourceTitle "CBM 158 Extra"]
[Source "ChessBase"]
[SourceDate "2014.02.28"]
[SourceVersion "1"]
[SourceVersionDate "2014.02.28"]
[SourceQuality "1"]

1. d4 d5 2. c4 c6 3. Nf3 Nf6 4. Nc3 a6 5. c5 Nbd7 6. Bf4 Nh5 7. Qd2 Nxf4 8. Qxf4 Nf6 9. Ne5 Be6 10. e3 g6 11. g4 Bg7 12. f3 Nd7 13. Nd3 h5 14. g5 h4 15. h3 b6 16. Na4 bxc5 17. Naxc5 Nxc5 18. Nxc5 Bf5 19. Nb3 e5 20. Qh2 Qxg5 0-1

[Event "Landesliga Sued 1314"]
[Site "Bayern"]
[Date "2013.10.13"]
[Round "1.5"]
[White "Pierecker, Markus"]
[Black "Gruettner, Ralf"]
[Result "1-0"]
[WhiteElo "2160"]
[BlackElo "2083"]
[PlyCount "49"]
[EventDate "2013.10.13"]
[EventType "team-tourn"]
[EventRounds "9"]
[EventCountry "GER"]
[SourceTitle "EXT 2015"]
[Source "ChessBase"]
[SourceDate "2014.11.20"]
[SourceVersion "1"]
[SourceVersionDate "2014.11.20"]
[SourceQuality "1"]
[WhiteTeam "Weilheim"]
[BlackTeam "Freising"]
[WhiteTeamCountry "GER"]
[BlackTeamCountry "GER"]

1. d4 Nf6 2. c4 g6 3. Nc3 Bg7 4. e4 d6 5. Nf3 0-0 6. Be2 e5 7. 0-0 Nc6 8. d5 Ne7 9. b4 Nh5 10. Re1 h6 11. Nd2 Nf4 12. Bf1 g5 13. c5 c6 14. Nc4 cxd5 15. exd5 dxc5 16. d6 Nc6 17. bxc5 Bf5 18. Nd5 Nxd5 19. Qxd5 Be6 20. Qd2 b6 21. Ba3 b5 22. Ne3 Rb8 23. Rac1 Qd7 24. Nd5 Nd4 25. c6 1-0